A life of Picasso / (Record no. 288041)
[ view plain ]
| 000 -LEADER | |
|---|---|
| fixed length control field | 00519nam a2200157Ia 4500 |
| 008 - FIXED-LENGTH DATA ELEMENTS--GENERAL INFORMATION | |
| fixed length control field | 150610s9999 xx 000 0 und d |
| 020 ## - INTERNATIONAL STANDARD BOOK NUMBER | |
| International Standard Book Number | 9780375711503 |
| 050 ## - LIBRARY OF CONGRESS CALL NUMBER | |
| Classification number | N6853 |
| Item number | .P5R56 2007 |
| 100 ## - MAIN ENTRY--PERSONAL NAME | |
| Personal name | Richardson, John |
| 245 #2 - TITLE STATEMENT | |
| Title | A life of Picasso / |
| Statement of responsibility, etc | by John Richardson. |
| 260 ## - PUBLICATION, DISTRIBUTION, ETC. (IMPRINT) | |
| Place of publication, distribution, etc | New York : |
| Name of publisher, distributor, etc | Alfred A. Knoff, |
| Date of publication, distribution, etc | 2007. |
| 300 ## - PHYSICAL DESCRIPTION | |
| Extent | 500pages : |
| Other physical details | illustrations ; |
| Dimensions | 24 cm. |
| 504 ## - BIBLIOGRAPHY, ETC. NOTE | |
| Bibliography, etc | Includes bibliographical references and index. |
| 520 ## - SUMMARY, ETC. | |
| Summary, etc | Picasso, Pablo, 1881-1973. |
| 650 ## - SUBJECT ADDED ENTRY--TOPICAL TERM | |
| Topical term or geographic name as entry element | Artists-France |
| General subdivision | Biography. |
| Withdrawn status | Lost status | Damaged status | Home library | Current library | Shelving location | Date acquired | Total Checkouts | Full call number | Barcode | Date last seen | Price effective from | Koha item type |
|---|---|---|---|---|---|---|---|---|---|---|---|---|
| Stonyhurst Southville International School (Batangas) | Stonyhurst Southville International School (Batangas) | High School Section | 06/10/2015 | N6853 .P5R56 2007 | US-1116 | 06/10/2015 | Books |